L'Empire romain d'Auguste à Domitien (notice n° 1791496)
[ vue normale ]
| 000 -LEADER | |
|---|---|
| fixed length control field | 01105cam a2200145 4500500 |
| 005 - DATE AND TIME OF LATEST TRANSACTION | |
| control field | 20260322014808.0 |
| 041 ## - LANGUAGE CODE | |
| Language code of text/sound track or separate title | fre |
| 042 ## - AUTHENTICATION CODE | |
| Authentication code | dc |
| 100 10 - MAIN ENTRY--PERSONAL NAME | |
| Personal name | Briand-Ponsart, Claude |
| Relator term | author |
| 245 00 - TITLE STATEMENT | |
| Title | L'Empire romain d'Auguste à Domitien |
| 260 ## - PUBLICATION, DISTRIBUTION, ETC. | |
| Name of publisher, distributor, etc. | Armand Colin,<br/> |
| Date of publication, distribution, etc. | 2024.<br/> |
| 520 ## - SUMMARY, ETC. | |
| Summary, etc. | De la prise du pouvoir par Auguste (31 a.C.) à la mort de Domitien (96 p.C.), l’histoire de Rome a connu de profonds bouleversements, marqués par l’avènement des Julio-Claudiens, puis des Flaviens, et par une grande extension de son Empire.À travers la transformation de la République romaine en une monarchie impériale, ce manuel de synthèse retrace l’histoire politique de Rome et ses mutations économiques, sociales et religieuses.Composé d’une multitude de cités, encadré par une administration hiérarchisée, le monde provincial est étudié, tant du point de vue des gouvernants que de celui des gouvernés. |
| 700 10 - ADDED ENTRY--PERSONAL NAME | |
| Personal name | Hurlet, Frédéric |
| Relator term | author |
| 856 41 - ELECTRONIC LOCATION AND ACCESS | |
| Uniform Resource Identifier | <a href="https://shs.cairn.info/l-empire-romain-d-auguste-a-domitien-5e-ed--9782200638924?lang=fr&redirect-ssocas=7080">https://shs.cairn.info/l-empire-romain-d-auguste-a-domitien-5e-ed--9782200638924?lang=fr&redirect-ssocas=7080</a> |
Pas d'exemplaire disponible.




Réseaux sociaux